000
00330nam a2200145Ia 4500
008
230718s9999 xx 000 0 und d
041
_a
Eng.
082
_a
343.54
_b
ANJ-L
100
_a
Anjam,Sohail
245
0
_a
law of contract
260
_a
Pakistan
_b
Manzoor book house
_c
2013
300
_a
223
650
_a
Law
999
_c
30355
_d
30355